বিভূতিভূষণ-রচনাবলি / (Record no. 3659)
[ view plain ]
| 000 -LEADER | |
|---|---|
| fixed length control field | 00636nam a2200217 a 4500 |
| 001 - CONTROL NUMBER | |
| JCCL Control Number | 3659 |
| 003 - CONTROL NUMBER IDENTIFIER | |
| JCCL marc code | BD-JhCC |
| 005 - DATE AND TIME OF LATEST TRANSACTION | |
| control field | 20221018134024.0 |
| 008 - FIXED-LENGTH DATA ELEMENTS--GENERAL INFORMATION | |
| fixed length control field | 171115s2005 bg a|||| |||| 000 0 ben d |
| 020 ## - INTERNATIONAL STANDARD BOOK NUMBER | |
| International Standard Book Number | 9847763895 |
| 035 ## - SYSTEM CONTROL NUMBER | |
| system control number | (BD-JhCC)3659 |
| 040 ## - CATALOGING SOURCE | |
| Original cataloging agency | BD-JhCC |
| Modifying agency | BD-JhCC |
| 041 ## - LANGUAGE CODE | |
| Language code of Book | ben |
| 082 ## - DEWEY DECIMAL CLASSIFICATION NUMBER | |
| Classification number | 891.4409 |
| Author mark and Year | BIV 2005 |
| 100 ## - MAIN ENTRY--PERSONAL NAME | |
| Personal name | বিভূতিভূষণ |
| 245 ## - TITLE STATEMENT | |
| Title | বিভূতিভূষণ-রচনাবলি / |
| Statement of responsibility, etc | বিভূতিভূষণ |
| 260 ## - PUBLICATION, DISTRIBUTION, ETC. (IMPRINT) | |
| Place of publication, distribution, etc | ঢাকা: |
| Name of publisher, distributor, etc | ঐতিহ্য, |
| Date of publication, distribution, etc | ২০০৫ |
| 300 ## - PHYSICAL DESCRIPTION | |
| Pagination | 688 p.; |
| Dimensions | 22 cm |
| 650 ## - SUBJECT ADDED ENTRY--TOPICAL TERM | |
| Topical term or geographic name as entry element | Compilation of Literary works |
| 942 ## - ADDED ENTRY ELEMENTS (KOHA) | |
| Source of classification or shelving scheme | Dewey Decimal Classification |
| Koha item type | Books |
| Koha issues (borrowed), all copies | 7 |
| Source of classification or shelving scheme | volume number | Damaged status | Not for loan | Home library | Current library | Shelving location | Date of accession | Source of acquisition | Total Checkouts | Full call number | Barcode | Date last seen | Copy number | Koha item type | Date checked out | Cost, normal purchase price |
|---|---|---|---|---|---|---|---|---|---|---|---|---|---|---|---|---|
| Dewey Decimal Classification | V-3 | JCC Rouf Library | JCC Rouf Library | General Stacks | 11/15/2017 | 10 Efforts Foundation | 891.4409 BIV 2005 | 2642 | 11/15/2017 | C-1 | Books | |||||
| Dewey Decimal Classification | V-4 | JCC Rouf Library | JCC Rouf Library | General Stacks | 11/15/2017 | 10 Efforts Foundation | 2 | 891.4409 BIV 2005 | 2643 | 11/14/2022 | C-1 | Books | 10/17/2022 | |||
| Dewey Decimal Classification | V-6 | JCC Rouf Library | JCC Rouf Library | General Stacks | 11/15/2017 | 10 Efforts Foundation | 3 | 891.4409 BIV 2005 | 2645 | 03/30/2020 | C-1 | Books | 03/27/2020 | |||
| Dewey Decimal Classification | V-7 | JCC Rouf Library | JCC Rouf Library | General Stacks | 11/15/2017 | 10 Efforts Foundation | 1 | 891.4409 BIV 2005 | 2646 | 04/24/2019 | C-1 | Books | 04/17/2019 | |||
| Dewey Decimal Classification | V-8 | JCC Rouf Library | JCC Rouf Library | General Stacks | 11/15/2017 | 10 Efforts Foundation | 1 | 891.4409 BIV 2005 | 2647 | 07/07/2019 | C-1 | Books | 06/19/2019 | |||
| Dewey Decimal Classification | V-10 | JCC Rouf Library | JCC Rouf Library | General Stacks | 11/15/2017 | 1 | 891.4409 BIV 2005 | 2648 | 07/10/2024 | C-1 | Books | 07/03/2024 | ||||
| Dewey Decimal Classification | V-9 | JCC Rouf Library | JCC Rouf Library | General Stacks | 03/22/2018 | 891.4409 BIV 2005 | 8528 | 03/22/2018 | C-1 | Books | 3200.00 | |||||
| Dewey Decimal Classification | V-2 | JCC Rouf Library | JCC Rouf Library | General Stacks | 06/24/2018 | 891.4409 BIV 2005 | 14623 | 10/26/2019 | C-1 | Books | 3200.00 |